000 01595nam a2200241 a 4500
003 OSt
005 20210126134804.0
008 100909s2010 dr ad r 000 0 spa d
040 _aDO-SdBNP
_bspa
_cBNPHU
082 4 _a352.48
_bR426i, 2010
_222
110 2 _aRepública Dominicana.
_bMinisterio de Hacienda.
_bDirección General de Presupuesto.
_932266
245 1 0 _aInforme de ejecución presupuestaria año 2010 /
_cdirector general Luis A. Hernández García
260 _aSanto Domingo :
_bMinisterio de Hacienda,
_c2010
300 _a408 p. :
_bil., cuadros, gráficos ;
_c28 cm.
505 0 _aAdministración central -- Informe sobre los ingresos -- Información sobre los gastos -- Gráficos sobre los gastos -- Ejecución del gasto consolidado por institución -- Sector descentralizado y autónomo -- Análisis comparativo de la ejecución presupuestaria del sector descentralizado y autónomo -- Ejecución de cada institución descentralizada o autónomo sector descentralizado y autónomo -- Instituciones de la seguridad social -- Instituciones descentralizadas del gobierno locales -- Empresas públicas no financieras -- Instituciones públicas financieras monetarias -- Instituciones públicas no monetarias.
590 _aInventariado, 2020/VM
650 4 _aPresupuesto
_zRepública Dominicana
_97940
_y2010
650 4 _aHacienda pública
_zRepública Dominicana
_96562
650 4 _aGastos públicos
_zRepública Dominicana
_y2010
_944960
700 1 _a Hernández García, Luis A.
_edirector.
_93496
910 _aVMateo /Validado. Control de calidad MFF
942 _2ddc
_cLBS1
999 _c49249
_d49249